| 000 | 00452nam a2200157Ia 4500 | ||
|---|---|---|---|
| 008 | 220216s9999 xx 000 0 und d | ||
| 100 |
_aCrouzillat D _det al |
||
| 245 | 0 | _aTheobroma cacao L. : A genetic linkage map and quantitative trait loci analysis | |
| 260 |
_bTheoretical and Applied Genetics _c1996 |
||
| 300 | _a205-214 | ||
| 650 | _aGenetic map | ||
| 650 | _aMolecular markers | ||
| 650 | _aQTL | ||
| 650 | _aTheobroma cacao | ||
| 942 | _cJS | ||
| 999 |
_c71180 _d71180 |
||